The Bengal Tigress Mamata Banerjee/ (Record no. 212300)

MARC details
000 -LEADER
fixed length control field 00522nam a22001817a 4500
005 - DATE AND TIME OF LATEST TRANSACTION
control field 20250710104701.0
010 ## - LCCN (DPL NO)
LC control number ENG-145911
020 ## - INTERNATIONAL STANDARD BOOK NUMBER
Terms of availability 350.00
International Standard Book Number 9789393225009
035 ## - SYSTEM CONTROL NUMBER
System control number EN-129443
037 ## - SOURCE OF ACQUISITION
Source of stock number/acquisition DBAD
082 ## - DEWEY DECIMAL CLASSIFICATION NUMBER
Edition number 1
Classification number 921
245 ## - TITLE STATEMENT
Title The Bengal Tigress Mamata Banerjee/
Statement of responsibility, etc Mohammed Alimuddin
250 ## - EDITION STATEMENT
Edition statement 1
260 ## - PUBLICATION, DISTRIBUTION, ETC. (IMPRINT)
Place of publication, distribution, etc Mumbai
Name of publisher, distributor, etc Saket27 Printer and Publisher
Date of publication, distribution, etc 2021
270 ## - ADDRESS
Address Space House, Dahisher East
City Mumbai
Postal code 400068
300 ## - PHYSICAL DESCRIPTION
Extent iv, 109p.
Dimensions 24cm(Hb)
942 ## - ADDED ENTRY ELEMENTS (KOHA)
Source of classification or shelving scheme Dewey Decimal Classification
Item type English Books
Call number suffix BEN
Classification part 921
Holdings
Withdrawn status Lost status Not for loan Collection code Home library Current library Date acquired Source of acquisition Cost, normal purchase price Full call number Barcode Copy number Cost, replacement price Koha item type
      Non-fiction Janak Puri Janak Puri 10/07/2025 Delivery of Books Act Division 350.00 BEN 921 EN-129443 1 350.00 English Books

© Delhi Public Library
Hit Counter
free hit counter